| 000 | 00667nam a22002297a 4500 | ||
|---|---|---|---|
| 999 |
_c799 _d799 |
||
| 001 | 799 | ||
| 003 | BD-JhCC | ||
| 005 | 20171010094354.0 | ||
| 008 | 171010s2011 bg |||| ||a| 00| 0 b d | ||
| 020 | _a9847012001974 | ||
| 035 | _a(BD-JhCC)799 | ||
| 040 |
_aBD-JhCC _dBD-JhCC |
||
| 041 | _aeng | ||
| 082 |
_a891.4409 _bKAR 2011 |
||
| 100 | _aকরিম,সরদার ফজলুল | ||
| 245 |
_aশ্রেষ্ট প্রবন্ধ / _cসরদার ফজলুল করিম |
||
| 260 |
_aঢাকা : _bকথা প্রকাশ, _c2011 |
||
| 300 |
_a320 p. : _c22 cm. |
||
| 650 | _aBengali literature | ||
| 942 |
_2ddc _cBK |
||